| 000 | 01553cam a22003251a 4500 | ||
|---|---|---|---|
| 001 | 0000000364 | ||
| 005 | 20170406112543.0 | ||
| 008 | 950510s1995 dcum b a001 0 eng | ||
| 010 | _a95019963 | ||
| 020 | _a1878379003 | ||
| 035 | _a(OCoLC)32590358 | ||
| 040 |
_aDLC _cDLC _dYHM _dIAY _dCIN |
||
| 043 |
_af------ _an-us--- |
||
| 050 | 0 | 0 |
_aJX1961.A35 _bA33 1995 |
| 082 | 0 | 0 |
_a327.7306 _220 |
| 245 | 0 | 0 |
_aAfrican conflict resolution : _bthe U.S. role in peacemaking / _cDavid R. Smock and Chester A. Crocker, editors. |
| 260 |
_aWashington, D.C. : _bUnited States Institute of Peace Press, _c1995. |
||
| 263 | _a9509. | ||
| 300 |
_avi, 163 p. ; _c23 cm. |
||
| 504 | _aIncludes bibliographical references (p. 143-145) and index. | ||
| 505 | 0 | 0 |
_tAfrican state as a political refugee / _rAli A. Mazrui -- _tAfrican role in conflict management and resolution / _rB.A. Kiplagat -- _tU.S. role in managing African conflicts / _rDonald Rothchild -- _tDiplomatic perspective on African conflict resolution / _rRobert B. Oakley -- _tAfrican capabilities for managing conflict / _rHerman J. Cohen -- _tGuidelines for preserving peace in Africa / _rI. William Zartman -- _tInstitutional capacity-building for African conflict management / _rTimothy D. Sisk. |
| 650 | 0 |
_aConflict management _zAfrica. |
|
| 650 | 0 |
_aViolence _zAfrica. |
|
| 651 | 0 |
_aUnited States _xForeign relations _zAfrica. |
|
| 651 | 0 |
_aAfrica _xForeign relations _zUnited States. |
|
| 700 | 1 | _aSmock, David R. | |
| 700 | 1 | _aCrocker, Chester A. | |
| 908 | _a131031 | ||
| 913 | _aN | ||
| 999 |
_c300 _d300 |
||